Свои здесь не ходят; Нефть России; № 4

Dades bibliogràfiques
Parent link:Нефть России: аналитический журнал.— , 1996, 1999-2012
№ 4.— 2004.— С. 62-65
Autor principal: Гусейнов Т.
Idioma:rus
Publicat: 2004
Col·lecció:Машиностроение
Matèries:
Format: MixedMaterials Capítol de llibre
KOHA link:https://koha.lib.tpu.ru/cgi-bin/koha/opac-detail.pl?biblionumber=397761

MARC

LEADER 00000naa2a2200000 4500
001 397761
005 20231101064929.0
035 |a (RuTPU)RU\TPU\prd\37126 
090 |a 397761 
100 |a 20050727a2004 k y0rusy50 ca 
101 0 |a rus 
102 |a RU 
200 1 |a Свои здесь не ходят  |f Т. Гусейнов 
225 1 |a Машиностроение 
461 0 |0 (RuTPU)RU\TPU\prd\1610  |t Нефть России  |o аналитический журнал  |d 1996, 1999-2012 
463 0 |0 (RuTPU)RU\TPU\prd\25958  |t № 4  |v С. 62-65  |d 2004 
610 1 |a соглашения 
610 1 |a раздел продукции 
610 1 |a реализация 
610 1 |a нефтяная отрасль 
610 1 |a предприятия 
610 1 |a машиностроение 
610 1 |a инвестиции 
610 1 |a привлечение 
610 1 |a заказы 
610 1 |a размещение 
610 1 |a координация деятельности 
610 1 |a нефтегазовое оборудование 
700 1 |a Гусейнов  |b Т. 
801 1 |a RU  |b 63413507  |c 20050727  |g PSBO 
801 2 |a RU  |b 63413507  |c 20130802  |g RCR 
942 |c BK